[Event "Asian Continental-ch Women 2019"]
[Site "XingTai"]
[Date "2019.06.11"]
[Round "5.22"]
[White "Zhai, Mo"]
[Black "Mahalakshmi, M."]
[Result "1/2-1/2"]
[WhiteElo "2358"]
[BlackElo "2245"]
[Annotator "RC"]
[PlyCount "76"]
[EventDate "2019.06.06"]
[EventType "swiss"]
[EventCountry "CHN"]
[SourceTitle "playchess.com"]
[Source "ChessBase"]
[SourceQuality "1"]
[TimeControl "40/5400+30:1800+30"]

1. d4 {[%emt 0:00:00]} Nf6 {[%emt 0:00:00]} 2. c4 {[%emt 0:00:00]} e6 {[%emt 0:00:00]} 3. Nf3 {[%emt 0:00:00]} Bb4+ {[%emt 0:00:18]} 4. Bd2 {[%emt 0:00:00]} a5 {[%emt 0:00:05]} 5. g3 {[%emt 0:00:11]} d6 {[%emt 0:00:53]} 6. Bg2 {[%emt 0:00:51]} Nbd7 {[%emt 0:00:09]} 7. O-O {[%emt 0:01:47]} e5 {[%emt 0:01:07]} 8. e3 {[%emt 0:04:53]} c6 {[%emt 0:01:12]} 9. Bc1 {[%emt 0:05:05]} e4 {[%emt 0:01:42]} 10. Ng5 {[%emt 0:03:25]} d5 {[%emt 0:00:14]} 11. c5 {[%emt 0:00:19]} h6 {[%emt 0:01:13]} 12. Nh3 {[%emt 0:00:20]} a4 {[%emt 0:00:19]} 13. a3 {[%emt 0:00:12]} Ba5 {[%emt 0:00:07]} 14. Qxa4 {[%emt 0:00:08]} Nf8 {[%emt 0:00:17]} 15. b4 {[%emt 0:09:40]} Bxh3 {[%emt 0:00:18]} 16. Bxh3 {[%emt 0:00:10]} Bc7 {[%emt 0:00:12]} 17. Qd1 {[%emt 0:00:33]} h5 {[%emt 0:01:21]} 18. f4 {[%emt 0:08:54]} exf3 {[%emt 0:05:00]} 19. Qxf3 {[%emt 0:00:50]} h4 {[%emt 0:07:20]} 20. Bf5 {[%emt 0:12:12]} hxg3 {[%emt 0:05:16]} 21. hxg3 {[%emt 0:00:08]} Ne6 {[%emt 0:09:26]} 22. Bxe6 {[%emt 0:07:17]} fxe6 {[%emt 0:00:08]} 23. Ra2 {[%emt 0:00:07]} Rh3 {[%emt 0:05:39]} 24. Rh2 {[%emt 0:05:49]} Rxg3+ {[%emt 0:04:43]} 25. Qxg3 {[%emt 0:00:05]} Bxg3 {[%emt 0:00:05]} 26. Rh8+ {[%emt 0:00:03]} Kd7 {[%emt 0:02:06]} 27. Rxd8+ {[%emt 0:00:06]} Rxd8 {[%emt 0:00:08]} 28. Nc3 {[%emt 0:06:28]} Rh8 {[%emt 0:03:14]} 29. e4 {[%emt 0:07:43]} dxe4 {[%emt 0:10:31]} 30. Bg5 {[%emt 0:00:09]} Bh4 {[%emt 0:03:34]} 31. Bxf6 {[%emt 0:00:39]} Bxf6 {[%emt 0:03:57]} 32. Nxe4 {[%emt 0:00:03]} Bxd4+ {[%emt 0:03:18]} 33. Kg2 {[%emt 0:00:05]} Be5 {[%emt 0:01:33]} 34. Rf7+ {[%emt 0:00:10]} Kc8 {[%emt 0:00:18]} 35. Re7 {[%emt 0:01:58]} Rh2+ {[%emt 0:07:52]} 36. Kf1 {[%emt 0:06:41]} Rh4 {[%emt 0:06:38]} 37. Nd6+ {[%emt 0:01:10]} Bxd6 {[%emt 0:00:49]} 38. cxd6 {[%emt 0:00:03]} Rd4 {[%emt 0:03:04]} 1/2-1/2

[Event "Asian Continental-ch Women 2019"]
[Site "XingTai"]
[Date "2019.06.11"]
[Round "5.24"]
[White "Hoang, Thi Bao Tram"]
[Black "Vo, Thi Kim Phung"]
[Result "0-1"]
[WhiteElo "2293"]
[BlackElo "2337"]
[Annotator "TA"]
[PlyCount "88"]
[EventDate "2019.06.06"]
[EventType "swiss"]
[EventCountry "CHN"]
[SourceTitle "playchess.com"]
[Source "ChessBase"]
[SourceQuality "1"]

{[%evp 23,130,43,25,20,20,15,10,-10,20,14,14,0,7,0,0,0,0,8,42,22,13,20,22,-42,-44,-46,-45,-46,-49,-47,-50,-74,-78,-81,-79,-131,-90,-131,-96,-132,-112,-114,-106,-108,-108,-119,-119,-152,-120,-195,-187,-172,-133,-164,-164,-206,-203,-202,-192,-244,-244,-237,-241,-248,-219,-245,-244,-259,-180,-180,-171,-169,-177,-231,-221,-270,-237,-268,-197,-336,-224,-306,-326,-410,-302,-291,-287,-529,-508,-630,-628,-753,-521,-869,-868,-1164,-1202,-1893,-1172,-2197,-1696,-3036,-2460,-2202,-2102,-5223,-1888,-6233,-2508]} 1. d4 d5 2. Nf3 Nf6 3. c4 c6 4. Nc3 e6 5. Bg5 Be7 6. e3 Nbd7 7. Rc1 h6 8. Bh4 O-O 9. a3 Re8 10. Bd3 a6 11. O-O b5 12. cxd5 cxd5 13. Qe2 $146 {D66: Queen's Gambit Declined: Classical: Main Line (7 Rc1 c6 8 Bd3)} ({Predecessor:} 13. Bb1 Bb7 14. Qd3 Ne4 15. Bxe7 Qxe7 16. Nd2 f5 17. f3 Nxd2 18. Qxd2 Nb6 19. Ba2 Rad8 20. f4 Nc4 {1-0 (92) Shvadchenko,G (1953)-Kutyanina,M (2003) Tambov 2018}) 13... Bb7 14. Bg3 Rc8 15. Ne5 {The position is equal.} Nxe5 16. Bxe5 Nd7 17. Bg3 Nb6 18. Rc2 Nc4 19. Rfc1 Qd7 20. Nb1 f5 21. Qd1 Rc6 {[%cal Bc8c6,Bc6b6,Bb6b3][%mdl 32]} 22. Nd2 Rec8 {[#] And now ...Nxb2! would win.} 23. Bxc4 (23. Rb1 $11) 23... bxc4 $15 24. Nf3 {Black should prevent Ne5.} Rb6 25. Ne5 Qe8 26. Qe2 Bc6 27. Ra1 Ba4 28. Rcc1 Rb3 29. h3 (29. Rc3 $142) 29... Bf6 30. Ra2 Qd8 31. Qd2 Be8 32. Rc2 Ra8 33. Qc1 Ra7 34. Qd2 Rab7 35. Qc1 Qb6 36. Nf3 (36. a4 $17 {was called for.}) 36... Ba4 37. Kh2 Be7 38. Re2 Rd3 {[#] Hoping for ...Rd1.} 39. Rd2 {intending Rxd3.} Qb3 40. Rxd3 Qxd3 ({Inferior is} 40... cxd3 41. Qc8+ Kh7 42. Qxe6 $14) 41. Nd2 (41. Ne5 $142 Qc2 42. Qxc2 Bxc2 43. Nc6) 41... Qc2 $19 42. Qxc2 Bxc2 43. f3 Bd8 44. Be1 g5 {Played: Bd8-a5} 0-1

[Event "Asian Continental-ch Women 2019"]
[Site "XingTai"]
[Date "2019.06.11"]
[Round "5.25"]
[White "Munguntuul, Batkhuyag"]
[Black "Ren, Xiaoyi"]
[Result "1-0"]
[WhiteElo "2420"]
[BlackElo "2255"]
[Annotator "TA"]
[PlyCount "95"]
[EventDate "2019.06.06"]
[EventType "swiss"]
[EventCountry "CHN"]
[SourceTitle "playchess.com"]
[Source "ChessBase"]
[SourceQuality "1"]

{[%evp 13,95,18,33,23,23,38,53,45,53,2,5,4,10,6,5,-7,23,23,36,12,36,24,54,14,33,16,74,31,28,33,32,32,134,40,148,140,152,164,147,142,222,177,255,256,255,257,260,247,254,254,309,270,342,339,320,321,354,345,392,392,431,436,429,417,600,585,570,541,549,546,674,662,707,693,676,656,789,774,769,760,763,728,727,682]} 1. e4 c5 2. Nf3 d6 3. d4 cxd4 4. Nxd4 Nf6 5. Nc3 a6 6. Nb3 e5 7. Bg5 Be7 8. Bxf6 {B94: Sicilian Najdorf: 6 Bg5 Nbd7} Bxf6 9. Qd3 Be6 10. O-O-O {White is slightly better.} Be7 11. Nd5 (11. g3 $14) 11... Bxd5 $11 12. Qxd5 Qb6 $146 ({Predecessor:} 12... Qc7 13. Kb1 O-O 14. Na5 Nc6 15. Nc4 Rad8 {1-0 (50) Grischuk,A (2737)-Nepomniachtchi,I (2767) Doha 2016}) 13. Bc4 O-O 14. Kb1 Nc6 15. Rhf1 Rac8 {Strongly threatening ...Nb4.} 16. a3 {[%cal Ba2a3,Ba3a4][%mdl 32]} Qc7 17. Qd2 a5 18. Bd5 b5 19. Rfe1 b4 (19... Bd8 $11) 20. a4 (20. Bxc6 $5 Qxc6 21. Nxa5 $11) 20... Nb8 21. Qd3 Nd7 22. Re2 Nf6 {[#]} (22... Rb8 $14) 23. Qb5 (23. Qa6 $1 $16) 23... Nxd5 (23... Rb8 $14 24. Qxa5 Rb6) 24. Rxd5 $16 Rb8 25. Qd3 ({Don't play} 25. Qxa5 $6 Qc4 $14) 25... Ra8 26. Nd2 Qd7 (26... Rfc8 $16 27. b3 Ra6) 27. b3 f5 (27... Qc7 {was worth a try.} 28. Nc4 Rfb8) 28. Nc4 fxe4 29. Qxe4 ({Much less strong is} 29. Rxe4 $6 Rxf2 30. Rdxe5 Bf8 $16) 29... Qc7 30. f3 Ra6 31. Red2 Bg5 32. Rd1 Rf4 33. Qe2 Be7 34. Nxe5 Ra8 35. Nc4 Rf6 {[#]} 36. Nxa5 $1 {[%mdl 512]} Rf7 (36... Rxa5 37. Rxa5) 37. Nc4 Bf6 38. Rxd6 Bc3 (38... Rff8 $142 39. a5 Rfe8) 39. Qe6 $18 {Rd7 is the strong threat.White is clearly winning.} Qe7 40. Qxe7 Rxe7 41. Nb6 Rae8 42. Nd5 Re2 43. Nxc3 bxc3 44. Rd8 Rxd8 45. Rxd8+ Kf7 46. Rd3 Rxg2 47. h3 g5 48. a5 {Accuracy: White = 69%, Black = 30%.} 1-0

[Event "Asian Continental-ch Women 2019"]
[Site "XingTai"]
[Date "2019.06.12"]
[Round "6.18"]
[White "Li, Xueyi"]
[Black "Kulkarni Bhakti"]
[Result "1/2-1/2"]
[WhiteElo "2305"]
[BlackElo "2380"]
[Annotator "NA"]
[PlyCount "70"]
[EventDate "2019.06.06"]
[EventType "swiss"]
[EventCountry "CHN"]
[SourceTitle "playchess.com"]
[Source "ChessBase"]
[SourceQuality "1"]
[TimeControl "40/5400+30:1800+30"]

1. d4 {[%emt 0:00:00]} d5 {[%emt 0:00:04]} 2. c4 {[%emt 0:00:03]} e6 {[%emt 0:00:44]} 3. Nf3 {[%emt 0:01:12]} Nf6 {[%emt 0:00:50]} 4. g3 {[%emt 0:00:22]} dxc4 {[%emt 0:00:44]} 5. Bg2 {[%emt 0:01:19]} Bd7 {[%emt 0:00:23]} 6. Ne5 {[%emt 0:03:28]} Bc6 {[%emt 0:03:03]} 7. Nxc6 {[%emt 0:00:48]} Nxc6 {[%emt 0:00:08]} 8. O-O {[%emt 0:01:12]} Qd7 {[%emt 0:00:16]} 9. e3 {[%emt 0:00:20]} O-O-O {[%emt 0:00:27]} 10. Nd2 {[%emt 0:03:28]} e5 {[%emt 0:01:53]} 11. Nxc4 {[%emt 0:08:26]} Qe6 {[%emt 0:10:31]} 12. Qa4 {[%emt 0:07:14]} exd4 {[%emt 0:12:23]} 13. Bxc6 {[%emt 0:00:38]} Qxc6 {[%emt 0:13:41]} 14. Qxc6 {[%emt 0:01:32]} bxc6 {[%emt 0:00:02]} 15. exd4 {[%emt 0:21:02]} Rxd4 {[%emt 0:03:11]} 16. b3 {[%emt 0:01:08]} Bc5 {[%emt 0:04:54]} 17. Be3 {[%emt 0:06:55]} Rd5 {[%emt 0:07:31]} 18. Bxc5 {[%emt 0:00:14]} Rxc5 {[%emt 0:00:09]} 19. Rac1 {[%emt 0:00:16]} Re8 {[%emt 0:02:20]} 20. b4 {[%emt 0:00:54]} Rb5 {[%emt 0:00:51]} 21. a3 {[%emt 0:03:00]} c5 {[%emt 0:02:40]} 22. Rc2 {[%emt 0:03:22]} Re6 {[%emt 0:04:10]} 23. Na5 {[%emt 0:04:50]} cxb4 {[%emt 0:01:54]} 24. axb4 {[%emt 0:01:26]} Rxb4 {[%emt 0:02:25]} 25. Rfc1 {[%emt 0:00:59]} Ne8 {[%emt 0:06:15]} 26. Nc6 {[%emt 0:00:33]} Rb6 {[%emt 0:00:34]} 27. Rc5 {[%emt 0:02:38]} a6 {[%emt 0:01:12]} 28. f4 {[%emt 0:04:27]} Re2 {[%emt 0:03:42]} 29. Rd5 {[%emt 0:00:47]} Kb7 {[%emt 0:04:05]} 30. Na5+ {[%emt 0:00:08]} Ka8 {[%emt 0:00:38]} 31. Rd8+ {[%emt 0:01:31]} Rb8 {[%emt 0:00:37]} 32. Rd7 {[%emt 0:01:02]} Rbb2 {[%emt 0:05:27]} 33. Rd8+ {[%emt 0:00:10]} Rb8 {[%emt 0:00:04]} 34. Rd7 {[%emt 0:00:04]} Rbb2 {[%emt 0:05:32]} 35. Rd8+ {[%emt 0:00:07]} Rb8 {[%emt 0:04:10]} 1/2-1/2

[Event "Asian Continental-ch Women 2019"]
[Site "XingTai"]
[Date "2019.06.12"]
[Round "6.19"]
[White "Vo, Thi Kim Phung"]
[Black "Saduakassova, Dinara"]
[Result "0-1"]
[WhiteElo "2337"]
[BlackElo "2458"]
[Annotator "ChessBase"]
[PlyCount "124"]
[EventDate "2019.06.06"]
[EventType "swiss"]
[EventCountry "CHN"]
[SourceTitle "playchess.com"]
[Source "ChessBase"]
[SourceQuality "1"]
[TimeControl "40/5400+30:1800+30"]

1. d4 {[%emt 0:00:00]} Nf6 {[%emt 0:00:00]} 2. c4 {[%emt 0:00:00]} g6 {[%emt 0:00:00]} 3. Nc3 {[%emt 0:00:09]} d5 {[%emt 0:00:00]} 4. cxd5 {[%emt 0:00:50]} Nxd5 {[%emt 0:00:00]} 5. Qa4+ {[%emt 0:01:07]} Nc6 {[%emt 0:02:50]} 6. Nf3 {[%emt 0:01:38]} Bg7 {[%emt 0:02:44]} 7. e3 {[%emt 0:03:12]} O-O {[%emt 0:02:47]} 8. Nxd5 {[%emt 0:03:06]} Qxd5 {[%emt 0:00:20]} 9. Qb5 {[%emt 0:00:24]} Qd6 {[%emt 0:05:01]} 10. Be2 {[%emt 0:05:05]} e5 {[%emt 0:01:17]} 11. dxe5 {[%emt 0:03:02]} Nxe5 {[%emt 0:00:11]} 12. O-O {[%emt 0:02:13]} c6 {[%emt 0:04:09]} 13. Qb3 {[%emt 0:00:24]} Bg4 {[%emt 0:03:12]} 14. e4 {[%emt 0:07:32]} Qe6 {[%emt 0:11:30]} 15. Qxe6 {[%emt 0:09:43]} Nxf3+ {[%emt 0:03:37]} 16. Bxf3 {[%emt 0:03:58]} Bxe6 {[%emt 0:00:04]} 17. a4 {[%emt 0:00:38]} Rfd8 {[%emt 0:02:40]} 18. a5 {[%emt 0:03:05]} Bc4 {[%emt 0:05:07]} 19. Re1 {[%emt 0:01:10]} Bb5 {[%emt 0:02:03]} 20. e5 {[%emt 0:02:02]} Rd4 {[%emt 0:06:27]} 21. g3 {[%emt 0:08:27]} Rb4 {[%emt 0:03:09]} 22. Ra3 {[%emt 0:13:39]} Re8 {[%emt 0:03:23]} 23. Bd2 {[%emt 0:02:35]} Rxb2 {[%emt 0:02:48]} 24. Bc3 {[%emt 0:00:21]} Rc2 {[%emt 0:00:09]} 25. Be4 {[%emt 0:02:22]} Re2 {[%emt 0:02:45]} 26. Rxe2 {[%emt 0:00:16]} Bxe2 {[%emt 0:00:04]} 27. a6 {[%emt 0:01:40]} Bf8 {[%emt 0:07:48]} 28. Rb3 {[%emt 0:12:18]} Bxa6 {[%emt 0:00:12]} 29. Bd4 {[%emt 0:01:01]} f6 {[%emt 0:02:18]} 30. Rb1 {[%emt 0:02:41]} Kf7 {[%emt 0:06:19]} 31. g4 {[%emt 0:03:27]} fxe5 {[%emt 0:03:45]} 32. Bxa7 {[%emt 0:00:06]} Rd8 {[%emt 0:00:11]} 33. Kg2 {[%emt 0:04:25]} Rd7 {[%emt 0:00:50]} 34. Be3 {[%emt 0:00:27]} Bc4 {[%emt 0:03:09]} 35. f4 {[%emt 0:02:23]} exf4 {[%emt 0:02:02]} 36. Bxf4 {[%emt 0:00:02]} Ke6 {[%emt 0:00:59]} 37. Kf2 {[%emt 0:02:03]} Rf7 {[%emt 0:01:41]} 38. Kg3 {[%emt 0:00:29]} Bd6 {[%emt 0:00:16]} 39. Bxd6 {[%emt 0:00:12]} Kxd6 {[%emt 0:00:04]} 40. Kh4 {[%emt 0:00:00]} Ke5 {[%emt 0:00:00]} 41. Bg2 {[%emt 0:01:07]} h6 {[%emt 0:03:08]} 42. Re1+ {[%emt 0:00:28]} Kd6 {[%emt 0:00:08]} 43. Be4 {[%emt 0:01:16]} Rf6 {[%emt 0:00:27]} 44. g5 {[%emt 0:04:00]} Rf4+ {[%emt 0:00:25]} 45. Kg3 {[%emt 0:00:07]} hxg5 {[%emt 0:00:03]} 46. Bxg6 {[%emt 0:00:13]} b5 {[%emt 0:00:10]} 47. Rb1 {[%emt 0:02:56]} c5 {[%emt 0:00:56]} 48. Rd1+ {[%emt 0:02:18]} Rd4 {[%emt 0:00:16]} 49. Rg1 {[%emt 0:01:10]} b4 {[%emt 0:00:19]} 50. Kf3 {[%emt 0:00:13]} g4+ {[%emt 0:03:00]} 51. Ke3 {[%emt 0:00:09]} Be6 {[%emt 0:00:18]} 52. Ra1 {[%emt 0:00:39]} Rc4 {[%emt 0:00:51]} 53. Rd1+ {[%emt 0:03:07]} Ke5 {[%emt 0:00:07]} 54. Rf1 {[%emt 0:02:11]} Rc3+ {[%emt 0:00:09]} 55. Kd2 {[%emt 0:00:10]} Rh3 {[%emt 0:00:55]} 56. Rf2 {[%emt 0:00:20]} c4 {[%emt 0:00:29]} 57. Kc1 {[%emt 0:00:17]} c3 {[%emt 0:01:16]} 58. Re2+ {[%emt 0:02:05]} Kd6 {[%emt 0:00:07]} 59. Be4 {[%emt 0:04:16]} b3 {[%emt 0:00:24]} 60. Kb1 {[%emt 0:00:26]} Bc4 {[%emt 0:00:14]} 61. Re1 {[%emt 0:01:10]} Rxh2 {[%emt 0:00:12]} 62. Rc1 {[%emt 0:00:57]} Rb2+ {[%emt 0:00:14]} 0-1

[Event "Asian Continental-ch Women 2019"]
[Site "XingTai"]
[Date "2019.06.12"]
[Round "6.20"]
[White "Sukandar, Irine Kharisma"]
[Black "Dauletova, Gulmira"]
[Result "1-0"]
[WhiteElo "2378"]
[BlackElo "2252"]
[Annotator "NA"]
[PlyCount "75"]
[EventDate "2019.06.06"]
[EventType "swiss"]
[EventCountry "CHN"]
[SourceTitle "playchess.com"]
[Source "ChessBase"]
[SourceQuality "1"]
[TimeControl "40/5400+30:1800+30"]

1. e4 {[%emt 0:00:00]} c5 {[%emt 0:00:00]} 2. Nf3 {[%emt 0:00:01]} e6 {[%emt 0:00:07]} 3. d4 {[%emt 0:00:19]} cxd4 {[%emt 0:00:10]} 4. Nxd4 {[%emt 0:00:06]} Nc6 {[%emt 0:00:08]} 5. Nc3 {[%emt 0:00:31]} Qc7 {[%emt 0:00:24]} 6. Be3 {[%emt 0:00:24]} a6 {[%emt 0:00:27]} 7. Qf3 {[%emt 0:00:51]} Nf6 {[%emt 0:00:47]} 8. O-O-O {[%emt 0:00:43]} Ne5 {[%emt 0:00:30]} 9. Qg3 {[%emt 0:00:11]} b5 {[%emt 0:00:28]} 10. a3 {[%emt 0:00:33]} Bb7 {[%emt 0:00:34]} 11. Bxb5 {[%emt 0:00:35]} Rc8 {[%emt 0:00:38]} 12. Ba4 {[%emt 0:00:24]} Nxe4 {[%emt 0:00:30]} 13. Nxe4 {[%emt 0:00:30]} Bxe4 {[%emt 0:00:10]} 14. Bf4 {[%emt 0:00:21]} Qc4 {[%emt 0:02:39]} 15. Bxe5 {[%emt 0:00:41]} Qxa4 {[%emt 0:00:17]} 16. Rd2 {[%emt 0:00:20]} h5 {[%emt 0:01:47]} 17. Re1 {[%emt 0:01:40]} Bg6 {[%emt 0:12:34]} 18. Bd6 {[%emt 0:01:18]} Qc4 {[%emt 0:01:03]} 19. Bxf8 {[%emt 0:02:18]} Kxf8 {[%emt 0:00:46]} 20. Re3 {[%emt 0:00:34]} Qc7 {[%emt 0:31:54]} 21. Qg5 {[%emt 0:10:12]} Rh6 {[%emt 0:11:26]} 22. Rc3 {[%emt 0:11:16]} Qb8 {[%emt 0:04:45]} 23. Rxc8+ {[%emt 0:24:30]} Qxc8 {[%emt 0:00:23]} 24. Nc6 {[%emt 0:01:08]} d5 {[%emt 0:08:14]} 25. Qe7+ {[%emt 0:04:30]} Kg8 {[%emt 0:00:02]} 26. Qd6 {[%emt 0:00:28]} Kh7 {[%emt 0:00:27]} 27. Ne7 {[%emt 0:01:34]} Qa8 {[%emt 0:04:14]} 28. Rd4 {[%emt 0:02:03]} a5 {[%emt 0:04:03]} 29. h4 {[%emt 0:02:39]} Qe8 {[%emt 0:04:15]} 30. f3 {[%emt 0:03:48]} Kh8 {[%emt 0:06:20]} 31. c4 {[%emt 0:07:45]} Bh7 {[%emt 0:00:56]} 32. Qc7 {[%emt 0:00:27]} Bg8 {[%emt 0:02:58]} 33. c5 {[%emt 0:02:25]} f6 {[%emt 0:00:53]} 34. c6 {[%emt 0:01:05]} e5 {[%emt 0:00:01]} 35. Qd7 {[%emt 0:00:28]} Qa8 {[%emt 0:01:50]} 36. c7 {[%emt 0:00:54]} Qa6 {[%emt 0:00:34]} 37. c8=Q {[%emt 0:00:32]} Qf1+ {[%emt 0:00:24]} 38. Rd1 {[%emt 0:00:06]} 1-0

[Event "Asian Continental-ch Women 2019"]
[Site "XingTai"]
[Date "2019.06.12"]
[Round "6.21"]
[White "Gu, Tianlu"]
[Black "Munguntuul, Batkhuyag"]
[Result "0-1"]
[WhiteElo "2183"]
[BlackElo "2420"]
[Annotator "NA"]
[PlyCount "68"]
[EventDate "2019.06.06"]
[EventType "swiss"]
[EventCountry "CHN"]
[SourceTitle "playchess.com"]
[Source "ChessBase"]
[SourceQuality "1"]
[TimeControl "40/5400+30:1800+30"]

1. e4 {[%emt 0:00:00]} c5 {[%emt 0:00:00]} 2. Nf3 {[%emt 0:00:00]} e6 {[%emt 0:00:00]} 3. g3 {[%emt 0:00:16]} Nc6 {[%emt 0:00:00]} 4. Bg2 {[%emt 0:00:16]} Nf6 {[%emt 0:00:00]} 5. Nc3 {[%emt 0:00:09]} a6 {[%emt 0:00:00]} 6. O-O {[%emt 0:00:56]} Qc7 {[%emt 0:00:06]} 7. d4 {[%emt 0:01:06]} cxd4 {[%emt 0:00:13]} 8. Nxd4 {[%emt 0:00:06]} h5 {[%emt 0:02:28]} 9. Nxc6 {[%emt 0:05:38]} dxc6 {[%emt 0:01:43]} 10. Bg5 {[%emt 0:11:16]} e5 {[%emt 0:02:07]} 11. Bxf6 {[%emt 0:01:15]} gxf6 {[%emt 0:00:08]} 12. h4 {[%emt 0:05:23]} Bc5 {[%emt 0:07:39]} 13. Qf3 {[%emt 0:06:36]} Qe7 {[%emt 0:04:32]} 14. Nd1 {[%emt 0:01:39]} Bg4 {[%emt 0:01:04]} 15. Qb3 {[%emt 0:02:53]} O-O-O {[%emt 0:12:11]} 16. Ne3 {[%emt 0:06:01]} Rd2 {[%emt 0:04:04]} 17. Nxg4 {[%emt 0:10:36]} hxg4 {[%emt 0:00:46]} 18. a3 {[%emt 0:00:08]} Rhd8 {[%emt 0:02:31]} 19. Qc3 {[%emt 0:00:24]} Ba7 {[%emt 0:00:56]} 20. b4 {[%emt 0:00:54]} Re2 {[%emt 0:07:57]} 21. Rad1 {[%emt 0:05:36]} Bxf2+ {[%emt 0:01:43]} 22. Kh1 {[%emt 0:01:52]} Kb8 {[%emt 0:10:55]} 23. Rd3 {[%emt 0:02:45]} Rd4 {[%emt 0:05:08]} 24. Rb1 {[%emt 0:10:48]} Qe6 {[%emt 0:04:15]} 25. Rxd4 {[%emt 0:02:25]} exd4 {[%emt 0:07:55]} 26. Qd3 {[%emt 0:05:05]} Re3 {[%emt 0:00:54]} 27. Qd2 {[%emt 0:00:05]} Bxg3 {[%emt 0:01:07]} 28. Qxd4 {[%emt 0:00:05]} Rxa3 {[%emt 0:00:31]} 29. Qd8+ {[%emt 0:00:22]} Ka7 {[%emt 0:00:15]} 30. Qd4+ {[%emt 0:00:06]} Ka8 {[%emt 0:00:14]} 31. h5 {[%emt 0:00:46]} Be5 {[%emt 0:02:00]} 32. Qc5 {[%emt 0:01:47]} Rc3 {[%emt 0:01:07]} 33. Qf8+ {[%emt 0:00:33]} Bb8 {[%emt 0:00:14]} 34. h6 {[%emt 0:02:22]} Qe5 {[%emt 0:00:04]} 0-1

[Event "Asian Continental-ch Women 2019"]
[Site "XingTai"]
[Date "2019.06.12"]
[Round "6.22"]
[White "Mahalakshmi, M."]
[Black "Munkhzul, Turmunkh"]
[Result "0-1"]
[WhiteElo "2245"]
[BlackElo "2371"]
[Annotator "NA"]
[PlyCount "76"]
[EventDate "2019.06.06"]
[EventType "swiss"]
[EventCountry "CHN"]
[SourceTitle "playchess.com"]
[Source "ChessBase"]
[SourceQuality "1"]
[TimeControl "40/5400+30:1800+30"]

1. d4 {[%emt 0:00:00]} Nf6 {[%emt 0:00:19]} 2. c4 {[%emt 0:00:00]} e6 {[%emt 0:00:17]} 3. Nc3 {[%emt 0:00:40]} d5 {[%emt 0:00:25]} 4. Nf3 {[%emt 0:00:31]} Be7 {[%emt 0:00:33]} 5. Bf4 {[%emt 0:00:11]} O-O {[%emt 0:01:00]} 6. e3 {[%emt 0:00:09]} b6 {[%emt 0:00:42]} 7. cxd5 {[%emt 0:11:44]} Nxd5 {[%emt 0:00:37]} 8. Nxd5 {[%emt 0:04:03]} exd5 {[%emt 0:00:36]} 9. Bd3 {[%emt 0:03:06]} c5 {[%emt 0:01:53]} 10. O-O {[%emt 0:00:44]} Nc6 {[%emt 0:05:09]} 11. dxc5 {[%emt 0:03:20]} bxc5 {[%emt 0:00:51]} 12. Ne5 {[%emt 0:03:26]} Nxe5 {[%emt 0:04:43]} 13. Bxe5 {[%emt 0:00:15]} Be6 {[%emt 0:01:02]} 14. Rc1 {[%emt 0:03:21]} Qb6 {[%emt 0:10:38]} 15. Qe2 {[%emt 0:04:44]} Rac8 {[%emt 0:08:24]} 16. h3 {[%emt 0:06:48]} Rfd8 {[%emt 0:10:39]} 17. Rfd1 {[%emt 0:07:02]} Bd6 {[%emt 0:03:39]} 18. Bxd6 {[%emt 0:04:05]} Rxd6 {[%emt 0:01:16]} 19. b3 {[%emt 0:01:12]} g6 {[%emt 0:05:06]} 20. e4 {[%emt 0:04:10]} dxe4 {[%emt 0:09:35]} 21. Qxe4 {[%emt 0:03:15]} Qa5 {[%emt 0:04:19]} 22. Qe2 {[%emt 0:05:40]} Rcd8 {[%emt 0:01:57]} 23. Kh2 {[%emt 0:05:49]} Qb4 {[%emt 0:02:46]} 24. Qc2 {[%emt 0:12:19]} Rxd3 {[%emt 0:01:18]} 25. Rxd3 {[%emt 0:02:02]} Rxd3 {[%emt 0:00:19]} 26. Qxd3 {[%emt 0:00:46]} Qf4+ {[%emt 0:00:07]} 27. Qg3 {[%emt 0:01:18]} Qxc1 {[%emt 0:00:00]} 28. Qb8+ {[%emt 0:00:15]} Kg7 {[%emt 0:00:00]} 29. Qe5+ {[%emt 0:00:50]} Kf8 {[%emt 0:01:10]} 30. Qd6+ {[%emt 0:03:14]} Ke8 {[%emt 0:00:28]} 31. Qb8+ {[%emt 0:01:16]} Ke7 {[%emt 0:00:11]} 32. Qxa7+ {[%emt 0:00:05]} Kf6 {[%emt 0:00:09]} 33. Qc7 {[%emt 0:00:32]} Qc2 {[%emt 0:01:29]} 34. Qf4+ {[%emt 0:00:57]} Qf5 {[%emt 0:00:15]} 35. Qd2 {[%emt 0:00:19]} Qe5+ {[%emt 0:01:34]} 36. Kg1 {[%emt 0:00:58]} Qa1+ {[%emt 0:00:11]} 37. Kh2 {[%emt 0:00:06]} Qd4 {[%emt 0:00:05]} 38. Qc2 {[%emt 0:02:02]} Bf5 {[%emt 0:02:43]} 0-1